000 00262nam a2200097 a 4500
005 20200930070541.0
008 110913s1902 000 spa d
245 0 _aBiblioteca Hispano-americana : 1493-1810.
260 _aSantiago de Chile,
_c1902.
999 _c33316
_d33316
040 _aDO-SdBNP